000 00426nam a2200169Ia 4500
008 230524s9999 xx 000 0 und d
082 _a540
_bDHA
100 _aS.N.Dhawan
245 0 _aPradeep's New Course Chemistry (Class XI) Vol-I
250 _a17TH
260 _aJALANDHAR
_bPradeep
_c2004
300 _a128
500 _aQuantity Number: 2
650 _aChemistry
700 _a"P.N.Kapil , etal.,,,"
942 _cBK
999 _c35172
_d35172